000 00572nam a2200181Ia 4500
005 20250423095356.0
008 250422s9999 xx 000 0 und d
020 _a9780195209976
050 _aHG 5993 .S53/
100 _aEdited by Shah, Anwar.
245 0 _aFiscal incentives for investment and innovation
260 _aNew York
260 _bOxford University Press
260 _c1995
300 _a725 p
650 _aInvestments, Foreign--Developing countries. Investment tax credit--Developing countries. Tax incentives--Developing countries.
942 _cBK
999 _c30085
_d30085